Hydrogen peroxides /

Guardado en:
Autor Principal: Schumb, Walter.
Otros Autores: Satterfield, Charles N., Wentworth, Ralph L.
Formato: Libro
Idioma:English
Publicado: New York : Reinhold, 1955.
Etiquetas: Agregar Etiqueta
Sin Etiquetas, Sea el primero en etiquetar este registro!
LEADER 00545nam a22001695a 4500
001 EUN.um036633
003 AR-BaUNS
005 20050623122909.0
008 041125s1955####xxua##########000#0#eng#d
245 1 0 |a Hydrogen peroxides /  |c Walter Schumb, Charles N. Satterfield, Ralph L. Wentworth. 
260 |a New York :  |b Reinhold,  |c 1955. 
300 |a 759 p. :  |b ilus. ;  |c 23,5 cm. 
100 1 |a Schumb, Walter. 
700 1 |a Satterfield, Charles N. 
700 1 |a Wentworth, Ralph L. 
082 0 4 |a 661.2 
859 |a Ar-BaUNS  |b BIB. CENTRAL - Sector C  |h 661.2  |i Sch86-1  |p 165/963